[Event "Araraquara op"]
[Site "Araraquara"]
[Date "2023.02.20"]
[Round "3.34"]
[White "Godinho, Bruno Cesar Ferreir"]
[Black "Da Silva, Wanderlei Jose"]
[Result "1-0"]
[WhiteElo "1778"]
[BlackElo "1795"]
[PlyCount "61"]
[EventDate "2023.02.19"]
[EventType "swiss"]
[EventRounds "6"]
[EventCountry "BRA"]
[SourceTitle "CBM 213 Extra"]
[Source "ChessBase"]
[SourceDate "2023.05.31"]
[SourceVersion "1"]
[SourceVersionDate "2023.05.31"]
[SourceQuality "1"]

1. e4 c5 2. Nf3 Nc6 3. d4 cxd4 4. Nxd4 Nf6 5. Nc3 e5 6. Ndb5 d6 7. Nd5 Nxd5 8. exd5 Nb8 9. c4 Be7 10. Bd3 f5 11. f3 0-0 12. 0-0 Nd7 13. Be3 a6 14. Nc3 f4 15. Bf2 Nf6 16. b4 g5 17. Ne4 Nxe4 18. Bxe4 h5 19. Qd3 Kg7 20. c5 g4 21. Rac1 dxc5 22. bxc5 Bh4 23. Qd2 g3 24. Be1 Be7 25. hxg3 Bg5 26. Qb2 Qf6 27. Qb6 Qxb6 28. cxb6 fxg3 29. Rc7+ Rf7 30. Bxg3 Bf6 31. Rfc1 1-0

[Event "Araraquara op"]
[Site "Araraquara"]
[Date "2023.02.19"]
[Round "1.47"]
[White "Moreira, Alexandre Augusto"]
[Black "Da Silva, Wanderlei Jose"]
[Result "1-0"]
[WhiteElo "1801"]
[BlackElo "1795"]
[PlyCount "73"]
[EventDate "2023.02.19"]
[EventType "swiss"]
[EventRounds "6"]
[EventCountry "BRA"]
[SourceTitle "CBM 213 Extra"]
[Source "ChessBase"]
[SourceDate "2023.05.31"]
[SourceVersion "1"]
[SourceVersionDate "2023.05.31"]
[SourceQuality "1"]

1. e4 c5 2. Nf3 Nc6 3. d4 cxd4 4. Nxd4 Nf6 5. Nc3 e5 6. Ndb5 d6 7. Bg5 a6 8. Na3 Be7 9. Bxf6 Bxf6 10. Nc4 Nd4 11. Nd5 Be6 12. Nce3 Bg5 13. c3 Nc6 14. Bd3 0-0 15. h4 Bxe3 16. Nxe3 Ne7 17. Qh5 Ng6 18. g3 Qd7 19. Nf5 Bxf5 20. exf5 e4 21. fxg6 hxg6 22. Qd5 exd3 23. 0-0-0 Rad8 24. Rxd3 Rfe8 25. Rhd1 Re6 26. Rd4 Qe7 27. R1d2 Rd7 28. b3 Re1+ 29. Kb2 Re2 30. Rxe2 Qxe2+ 31. Rd2 Qe6 32. Qf3 Re7 33. Qd3 d5 34. Kc2 Qe4 35. f3 Qe5 36. Qxd5 Qxg3 37. Qd8+ 1-0